000 00299nam a2200121Ia 4500
008 220204s9999 xx 000 0 und d
082 _a347.7
_bSHA
100 _aSHAH, Shantilal Mohanlal
245 0 _aLectures on company law
250 _aEd.17
260 _aBombay
_bNM Tripathi
_c1975
942 _cBK
999 _c24131
_d24131